[Event "III Corporation Cup A"]
[Site "Izhevsk RUS"]
[Date "2011.07.23"]
[Round "8"]
[White "Ziatdinov,R"]
[Black "Shurunov,As"]
[Result "1-0"]
[WhiteElo "2413"]
[BlackElo "2216"]

1.e4 c5 2.Nf3 Nc6 3.d4 cxd4 4.Nxd4 Qc7 5.Nc3 e6 6.Be2 a6 7.O-O Nf6 8.Kh1 Nxd4
9.Qxd4 Bc5 10.Qd3 b5 11.Bg5 Bb7 12.Bxf6 gxf6 13.f4 Rg8 14.Rad1 O-O-O 15.a3 Kb8
16.Qh3 Rg7 17.Qh4 Rdg8 18.Bf3 f5 19.g3 fxe4 20.Nxe4 Bb6 21.Nf6 Rd8 22.Qh5 d5
23.Ng4 Ka7 24.f5 Rdg8 25.Nf6 Rg5 26.Qh4 Qd8 27.Nxg8 Qxg8 28.fxe6 fxe6 29.Bg2 Qg6
30.Rd3 h6 31.Qb4 Qe8 32.Qd6 Rg7 33.Rf8 Bc7 34.Qc5+ Bb6 35.Qxb6+  1-0

[Event "ch-AUT"]
[Site "Linz AUT"]
[Date "2011.07.23"]
[Round "1"]
[White "Sandhoefner,F"]
[Black "Buerger,T"]
[Result "1/2-1/2"]
[WhiteElo "2270"]
[BlackElo "2069"]

1.e4 c5 2.Nf3 Nc6 3.d4 cxd4 4.Nxd4 Qb6 5.Nb3 e6 6.Nc3 Bb4 7.Bd3 Nge7 8.O-O Bxc3
9.bxc3 d5 10.exd5 exd5 11.c4 dxc4 12.Bxc4 Ne5 13.Be3 Qc7 14.Bb5+ Bd7 15.Bxd7+ Nxd7
16.Re1 O-O 17.Bxa7 Ng6 18.Bd4 Ra6 19.c3 Nf4 20.Qf3 Rg6 21.g3 Nh3+ 22.Kh1 Ng5
23.Qg2 Ne6 24.Rad1 h5 25.Rd2 h4 26.Red1 Nf6 27.Re1 hxg3 28.fxg3 Nxd4 29.cxd4 Rd8
30.Rc2 Qd7 31.Rec1 Nd5 32.Nc5 Qg4 33.Qe4 Qh5 34.Nxb7 Re6 35.g4 Qh4 36.Qf3 Re1+
37.Rxe1 Qxe1+ 38.Kg2 Ne3+ 39.Kh3 Nxc2 40.Nxd8 Qe8 41.Qd3 Qxd8 42.Qxc2 Qxd4
43.a4 g5 44.a5 Qd5 45.Qc8+ Kg7 46.Qc3+ f6 47.a6 Qb5 48.Qc7+ Kh6 49.Qd6 Kg6
50.Kg3 Qe2 51.Qa3 Qe1+ 52.Kf3 Qh1+ 53.Ke3  1/2-1/2

[Event "III Corporation Cup A"]
[Site "Izhevsk RUS"]
[Date "2011.07.24"]
[Round "9"]
[White "Makarenko,A"]
[Black "Volodin,I"]
[Result "1/2-1/2"]
[WhiteElo "2082"]
[BlackElo "2253"]

1.e4 c5 2.Nf3 Nc6 3.d4 cxd4 4.Nxd4 Qb6 5.Nb3 Nf6 6.Nc3 e6 7.Bd3 d6 8.O-O Be7
9.Be3 Qc7 10.f4 O-O 11.Qf3 Nb4 12.Rae1 Nxd3 13.cxd3 Bd7 14.g4 Bc6 15.g5 Nd7
16.Qg3 Rfe8 17.Qh4 b5 18.Rf3 b4 19.Nd1 d5 20.Rh3 Nf8 21.e5 d4 22.Nxd4 Bb7
23.Nf2 Red8 24.Ng4 Rxd4 25.Bxd4 Qc6 26.Qg3 Rd8 27.Bxa7 Rxd3 28.Be3 Bc5 29.Kf2 Ng6
30.Re2 Ne7 31.Qh4 Qg2+ 32.Ke1 Qh1+ 33.Kf2 Qg2+ 34.Ke1 Qh1+ 35.Kf2 Qg2+ 36.Ke1 Qh1+
37.Kf2  1/2-1/2

[Event "5th AD San Juan Open"]
[Site "Pamplona ESP"]
[Date "2011.07.29"]
[Round "6"]
[White "Ortiz Suarez,I"]
[Black "Fedorchuk,S"]
[Result "1/2-1/2"]
[WhiteElo "2556"]
[BlackElo "2618"]

1.e4 c5 2.Nf3 Nc6 3.d4 cxd4 4.Nxd4 Qb6 5.Nb3 Nf6 6.Nc3 e6 7.Be3 Qc7 8.Bd3 d6
9.g4 a6 10.g5 Nd7 11.f4 b5 12.Qd2 Nc5 13.Qf2 Na4 14.Nd1 Bb7 15.a3 d5 16.O-O dxe4
17.Bxe4 Bd6 18.Nd2 f5 19.Bg2 Nd8 20.c4 O-O 21.Rc1 Rc8 22.c5 e5 23.Nb3 Be7
24.fxe5 f4 25.Bd4 Bxg2 26.Qxg2 Ne6 27.Qd5 Qc6 28.Qxc6 Rxc6 29.h4 Nxd4 30.Nxd4 Rxc5
31.Nf2 Rfc8 32.Nf5 Bf8 33.Rxc5 Rxc5 34.Nd3 Rd5 35.Rf3 Nc5 36.Nxf4 Rxe5 37.Nd4 Re4
38.Nde2 Na4 39.b4 Nb2 40.Kf2 Bd6 41.h5 Nc4 42.h6 Ne5 43.Rc3 Rc4 44.hxg7 Kxg7
45.Rh3 Nf7 46.Ne6+ Kg6 47.Rd3 Bh2 48.Nd8 Be5 49.Nxf7 Kxf7 50.Rh3 Kg7 51.Rh6 a5
52.Ng3 Rf4+ 53.Kg2 Kg8 54.bxa5 Ra4 55.a6 Bg7 56.Rb6 Rxa3 57.Rxb5  1/2-1/2

[Event "16th Creon Open"]
[Site "Creon FRA"]
[Date "2011.08.04"]
[Round "5.2"]
[White "Solodovnichenko,Y"]
[Black "Lazarev,V"]
[Result "1-0"]
[WhiteElo "2615"]
[BlackElo "2445"]

1.e4 c5 2.Nf3 Nc6 3.d4 cxd4 4.Nxd4 Qc7 5.Nc3 e6 6.Be3 a6 7.Qd2 Nf6 8.O-O-O Bb4
9.f3 O-O 10.g4 b5 11.g5 Ne8 12.Kb1 Rb8 13.Nxc6 dxc6 14.h4 e5 15.Qf2 Bxc3
16.bxc3 f5 17.Bc5 Rf7 18.g6 Rf6 19.gxh7+ Kh8 20.h5 fxe4 21.h6 g6 22.Qg3 Be6
23.fxe4 Kxh7 24.Bh3 Bxh3 25.Rxh3 Rf4 26.Qg5 Rb7 27.Rg3 Rf6 28.Rgd3 Rf7 29.Rd8 Nf6
30.R8d6 Qe7 31.Rxc6  1-0

[Event "XX TCh-MKD"]
[Site "Struga MKD"]
[Date "2011.08.09"]
[Round "2"]
[White "Stojcevski,Z"]
[Black "Petrov,G MKD"]
[Result "1-0"]
[WhiteElo "2352"]
[BlackElo "2266"]

1.e4 c5 2.Nf3 Nc6 3.d4 cxd4 4.Nxd4 Qb6 5.Nb3 Nf6 6.Nc3 e6 7.Bd3 a6 8.O-O d6
9.a4 Qc7 10.a5 Be7 11.Be3 O-O 12.f4 Bd7 13.g4 Ne8 14.Rf3 f6 15.Rh3 Nb4 16.f5 Rf7
17.Qe2 Nxd3 18.cxd3 d5 19.fxe6 Bxe6 20.Nd4 Qd7 21.Nxe6 Qxe6 22.Nxd5 Rc8 23.Bf2 Bd8
24.b4 Rd7 25.Re1 Nd6 26.Bc5 Nf7 27.Rg3 Kh8 28.d4 Bc7 29.Nxc7 Rdxc7 30.h4 h6
31.Qf3 Re8 32.Qf5 Qc4 33.Kh2 Qc2+ 34.Rg2 Qd3 35.Rge2 Qc4 36.Re3 Kg8 37.Kh3 Nd8
38.Qd5+ Qxd5 39.exd5 Rxe3+ 40.Rxe3 Kf7 41.d6 Rd7 42.d5  1-0

[Event "FSIMA August"]
[Site "Budapest HUN"]
[Date "2011.08.11"]
[Round "6"]
[White "Szajbely,Z"]
[Black "Gara,A"]
[Result "0-1"]
[WhiteElo "2154"]
[BlackElo "2369"]

1.e4 c5 2.Nf3 Nc6 3.d4 cxd4 4.Nxd4 Qb6 5.Nb3 Nf6 6.Nc3 e6 7.Qe2 Bb4 8.Bd2 O-O
9.O-O-O d5 10.exd5 exd5 11.Be3 Qd8 12.Qd3 Be6 13.a3 Ne5 14.Qd4 Bxc3 15.Qxc3 Neg4
16.f3 Rc8 17.Qd2 Nxe3 18.Qxe3 Re8 19.Qd2 Bf5 20.Nd4 Bg6 21.Bb5 Re7 22.Rhe1 Rec7
23.Bd3 Bxd3 24.Qxd3 Rc4 25.Re2 g6 26.Kb1 a6 27.Nb3 Qc7 28.g4 a5 29.g5 Nh5
30.Rde1 Nf4 31.Re8+ Rxe8 32.Rxe8+ Kg7 33.Qd2 Qb6 34.Nxa5 Ra4 35.Qc3+ Qd4
36.Qxd4+ Rxd4 37.Nxb7 Ne6 38.Nd8 Nxg5 39.Re3 Rc4 40.b4 Rc8 41.Nb7 Ne6 42.Kb2 d4
43.Rd3 Kf6 44.Nd6 Rd8 45.Ne4+ Ke5 46.Rb3 f5 47.Nd2 Kd5 48.a4 Rb8 49.b5 Kc5
50.Ka3 g5 51.Rb4 h5 52.Rc4+ Kd5 53.Kb4 g4 54.fxg4 fxg4 55.a5 h4 56.a6 Ra8
57.Nf1 Nd8 58.c3 Ne6 59.cxd4 g3 60.hxg3 h3 61.Rc1 Kxd4 62.Rd1+ Ke5 63.Ka5 Nc5
64.Kb6 Na4+ 65.Kb7 Rh8 66.a7 Rh7+ 67.Kb8 Rh8+ 68.Kc7 Nc3 69.Re1+ Kd5 70.b6 Nb5+
71.Kb7 Nd6+ 72.Ka6 Nc4 73.Ne3+ Nxe3 74.Rxe3 h2 75.Re1 Kc6 76.Rc1+ Kd7 77.b7 Rh6+
78.Kb5  0-1

[Event "Split Open"]
[Site "Split CRO"]
[Date "2011.08.12"]
[Round "8.12"]
[White "Dulic,G"]
[Black "Bilobrk,F"]
[Result "0-1"]
[WhiteElo "2251"]
[BlackElo "2374"]

1.e4 c5 2.Nf3 Nc6 3.d4 cxd4 4.Nxd4 Qc7 5.Nc3 e6 6.Be3 a6 7.Qd2 Nf6 8.O-O-O Bb4
9.f3 Ne5 10.Nb3 b5 11.Qe1 Be7 12.Kb1 d6 13.Qf2 Rb8 14.Ka1 O-O 15.g4 b4 16.Ne2 Nc4
17.Bc1 a5 18.g5 Nd7 19.Ned4 Ndb6 20.Bd3 Bd7 21.h4 a4 22.Nd2 a3 23.Nxc4 Nxc4
24.b3 Nb2 25.Rd2 d5 26.Kb1 Bc5 27.f4 Nxd3 28.Rxd3 dxe4 29.Rdd1 e5 30.fxe5 Bg4
31.Qf4 Bxd1 32.Rxd1 Rfe8 33.Qxe4 Rxe5 34.Qc6 Qe7 35.Qf3 Bxd4 36.Rxd4 Re1
37.Qf4 Re8 38.h5 Rh1 39.h6 f6 40.Qf3 Qe5 41.Qxh1 Qxd4 42.gxf6 Qxf6 43.hxg7 Qd4
44.Qf3 Qe4 45.Qg3 h5 46.Qg5 Rc8 47.Qd2 h4 48.Qh2 h3 49.Bf4 Qg2 50.c4 bxc3
51.Qxg2 hxg2 52.Be3 Re8 53.Bd4 Re2 54.Kc1 Rxa2  0-1

[Event "50th World Juniors"]
[Site "Chennai IND"]
[Date "2011.08.13"]
[Round "11.12"]
[White "Shyam,N"]
[Black "Matlakov,M"]
[Result "1/2-1/2"]
[WhiteElo "2398"]
[BlackElo "2632"]

1.e4 c5 2.Nf3 Nc6 3.d4 cxd4 4.Nxd4 Qc7 5.Nc3 e6 6.Be2 Nf6 7.O-O a6 8.Be3 Be7
9.f4 d6 10.Kh1 O-O 11.a4 Bd7 12.Nb3 b6 13.g4 Bc8 14.g5 Nd7 15.Bd3 Nb4 16.Qh5 g6
17.Qh6 Re8 18.Rf3 Bf8 19.Qh4 Bg7 20.Rh3 Nf8 21.Qf2 Rb8 22.Bf1 e5 23.Rf3 exf4
24.Bxf4 Bb7 25.Bg2 Ne6 26.Be3 Nc5 27.Nxc5 bxc5 28.Rf1 Re7 29.Qh4 Nxc2 30.Rh3 Nxe3
31.Qxh7+ Kf8 32.Rxe3 d5 33.Rh3 dxe4 34.Rh6 e3 35.Rxg6 Bxg2+ 36.Kxg2 Rxb2+
37.Kg1 Qe5 38.Rff6 Qxh2+ 39.Qxh2 Rxh2 40.Kxh2 e2 41.Nxe2 Rxe2+ 42.Kg3 Bxf6
43.Rxf6 Re6 44.Rf5 Rc6 45.Kf3 c4 46.Ke2 c3 47.Kd1 c2+ 48.Kc1 Kg7 49.Re5 Kg6
50.Ra5 Rc4 51.Rxa6+ Kxg5 52.Ra8 f5 53.a5 Kg4 54.a6 Kf4 55.Ra7 Rc6 56.Ra8 Rc5
57.Ra7 Ke5 58.Ra8 Rc7 59.Rb8 f4 60.Rb7 Rc8 61.a7 f3 62.Rc7 Ra8 63.Rf7 Ke4
64.Kxc2 Ke3 65.Re7+ Kf2 66.Kb3 Kg2 67.Rg7+ Kf1 68.Kb4 f2 69.Kb5 Ke2 70.Re7+ Kd2
71.Rf7 Ke2 72.Re7+ Kd2 73.Rf7 Ke1 74.Re7+  1/2-1/2

[Event "50th World Juniors"]
[Site "Chennai IND"]
[Date "2011.08.13"]
[Round "11.42"]
[White "Visakh,NR"]
[Black "Kozganbayev,E"]
[Result "1/2-1/2"]
[WhiteElo "2042"]
[BlackElo "2284"]

1.e4 c5 2.Nf3 Nc6 3.d4 cxd4 4.Nxd4 Qb6 5.Nb3 Nf6 6.Nc3 e6 7.Be3 Qc7 8.Bd3 a6
9.a4 b6 10.O-O Be7 11.f4 d6 12.Kh1 O-O 13.Qe1 Re8 14.Qg3 Bf8 15.Rae1 g6 16.Nd2 Rb8
17.f5 Bg7 18.Nc4 Ne5 19.Nxe5 dxe5 20.fxe6 fxe6 21.Qh4 Nh5 22.Rf3 Nf4 23.Ref1 Bb7
24.Qf2 Nxd3 25.cxd3 Bc6 26.Rf7 Re7 27.Bxb6 Rxf7 28.Bxc7 Rxf2 29.Rxf2 Rb7
30.Ba5 Bf8 31.g3 Be8 32.Kg2 g5 33.g4 Bc5 34.Rc2 Be3 35.Kf3 Bf4 36.h3 h5 37.Ne2 hxg4+
38.hxg4 Bxa4 39.Rc8+ Kf7 40.Bc3 Rd7 41.Nxf4 exf4 42.d4 Bd1+ 43.Kf2 Bc2 44.Kf3 Rd6
45.Rc7+ Kg6 46.Rc8 Bd1+ 47.Kf2 Bxg4 48.Rg8+ Kh6 49.Rh8+ Kg7 50.d5+ Kf7 51.Be5 Rd7
52.Rh7+ Ke8 53.Rh8+ Kf7 54.Rh7+ Ke8 55.Rh8+ Kf7 56.Rh7+ Ke8  1/2-1/2

[Event "6th Ptuj Open"]
[Site "Ptuj SLO"]
[Date "2011.08.15"]
[Round "6"]
[White "Lesar,D"]
[Black "Nikolic,Stank"]
[Result "0-1"]
[WhiteElo "1521"]
[BlackElo "1974"]

1.e4 c5 2.Nf3 Nc6 3.d4 cxd4 4.Nxd4 Qb6 5.Nb3 Nf6 6.Nc3 e6 7.Bd3 Bb4 8.O-O O-O
9.Bg5 Be7 10.Be3 Qc7 11.f4 d6 12.g4 a6 13.g5 Ne8 14.Rf3 g6 15.Qe1 f6 16.Rh3 fxg5
17.fxg5 Ne5 18.Nd4 Ng7 19.Qh4 h5 20.Be2 b5 21.a3 Bd7 22.Nd1 Rf7 23.Nf2 Raf8
24.Nd3 Nc4 25.Nb3 Nxe3 26.Rxe3 Qb6 27.Qg3 h4 28.Qg2 Qxe3+ 29.Kh1 Bc6  0-1

[Event "Recklinghaeuser Open"]
[Site "Recklinghausen GER"]
[Date "2011.08.16"]
[Round "2"]
[White "Herud,M"]
[Black "Schmitthoefer,Herbert"]
[Result "1/2-1/2"]
[WhiteElo "1998"]
[BlackElo "1927"]

1.e4 c5 2.Nf3 Nc6 3.d4 cxd4 4.Nxd4 Qb6 5.Nb3 Nf6 6.Nc3 e6 7.Be3 Qc7 8.a3 Be7
9.Be2 d6 10.f4 O-O 11.Qd2 Rd8 12.O-O-O a6 13.g4 b5 14.g5 Ne8 15.Bf3 b4 16.axb4 Nxb4
17.Na4 Rb8 18.Kb1 Bd7 19.Nc3 a5 20.Nd4 Rdc8 21.f5 e5 22.Nde2 Qb7 23.Qc1 a4
24.Rhg1 a3 25.b3 a2+ 26.Ka1 Bxf5 27.exf5 Qxf3 28.f6 Bf8 29.Rg3 Qf5 30.Rf1 Qxc2
31.Qxc2 Nxc2+ 32.Kxa2 Nb4+ 33.Kb2 d5 34.Rgf3 g6 35.h4 d4 36.Bxd4 exd4 37.Nxd4 Bd6
38.Re3 Be5 39.Rd1 Bxd4 40.Rxd4 Kf8 41.h5 Rd8 42.Rh4 Rd7 43.Reh3 Rbb7 44.Ne4 Nd3+
45.Kc2 Rbc7+ 46.Nc3 Ne5 47.hxg6 fxg6 48.Re4 Nc6 49.Kb2 Rd4 50.Re6 Nd8 51.Ra6 Rcd7
52.Ra8 Ne6 53.Re3 Nc7 54.Rc8 Rd8 55.Rxd8 Rxd8 56.Re7 Rd2+ 57.Ka3 Rh2 58.b4 Rh3
59.Kb2 Rxc3 60.Rxe8+ Nxe8 61.Kxc3 h5 62.gxh6 Nxf6 63.Kd4 Ke7 64.b5 Kd6 65.b6 Kc6
66.b7 Kxb7 67.Ke5 Ng4+ 68.Ke6  1/2-1/2

[Event "20th Kaerntner Chess Summer"]
[Site "Feffernitz AUT"]
[Date "2011.08.23"]
[Round "4"]
[White "Pregl,W"]
[Black "Maryasin,B"]
[Result "0-1"]
[WhiteElo "2140"]
[BlackElo "2321"]

1.e4 c5 2.Nf3 Nc6 3.d4 cxd4 4.Nxd4 Qb6 5.Nb3 Nf6 6.Nc3 e6 7.Be3 Qc7 8.a3 a6
9.g3 Be7 10.Bg2 d6 11.O-O O-O 12.f4 b5 13.Qe2 Bb7 14.f5 Ne5 15.Rae1 Nc4 16.Bc1 Rad8
17.fxe6 fxe6 18.Kh1 e5 19.Nd5 Nxd5 20.exd5 Nb6 21.Rxf8+ Rxf8 22.Rd1 Qc4 23.Qd2 Qg4
24.Na5 Rf2 25.Qd3 e4 26.Qd4 Bxd5  0-1

[Event "TCh-SRB Premier Men"]
[Site "Valjevo SRB"]
[Date "2011.08.27"]
[Round "1.6"]
[White "Mastrovasilis,D"]
[Black "Miladinovic,I"]
[Result "1/2-1/2"]
[WhiteElo "2604"]
[BlackElo "2566"]

1.e4 c5 2.Nf3 Nc6 3.d4 cxd4 4.Nxd4 Qc7 5.Nc3 e6 6.Be2 a6 7.O-O Nf6 8.Be3 Bb4
9.Na4 Be7 10.Nxc6 bxc6 11.Nb6 Rb8 12.Nxc8 Qxc8 13.Bd4 Qc7 14.e5 Nd5 15.c4 Nf4
16.g3 c5 17.Bc3 Nh3+ 18.Kg2 Ng5 19.Qd3 Qc6+ 20.f3 f6 21.Rad1 Nf7 22.exf6 Bxf6
23.Bxf6 gxf6 24.Qc3 Ke7 25.Rd2 h5  1/2-1/2

[Event "10th Sunny Beach Open"]
[Site "Sunny Beach BUL"]
[Date "2011.09.01"]
[Round "6.1"]
[White "Cioara,A"]
[Black "Bratanov,Z"]
[Result "0-1"]
[WhiteElo "2430"]
[BlackElo "2457"]

1.e4 c5 2.Nf3 Nc6 3.d4 cxd4 4.Nxd4 Qc7 5.Nc3 e6 6.g3 a6 7.Bg2 Nf6 8.O-O Bc5
9.Nxc6 bxc6 10.Na4 Be7 11.e5 Nd5 12.c4 Nb6 13.Nxb6 Qxb6 14.Qg4 Kf8 15.Bg5 Bxg5
16.Qxg5 h6 17.Qd2 Qc5 18.Rfe1 a5 19.b3 Ke7 20.Rad1 Rd8 21.Qd3 Rg8 22.Qe4 a4
23.Qh4+ Ke8 24.Rd3 axb3 25.axb3 Ra2 26.Qf4 Rf8 27.Rde3 Kd8 28.R3e2 Ra3 29.Rb1 Ba6
30.Rc2 f6 31.Qc1 Qb4 32.exf6 Rxf6 33.Qe3 Ke7 34.h4 Ra5 35.Rd1 Ra3 36.Rcd2 Bc8
37.Qe5 Rxb3 38.Qc7 Rb1 39.Kh2 Rxd1 40.Rxd1 Rf8 41.f4 Qc5 42.Rb1 Qd6 43.Qa7 g5
44.c5 Qd4 45.fxg5 hxg5 46.Qc7 gxh4 47.Rb8 hxg3+ 48.Qxg3 Qxc5 49.Qh4+ Kd6  0-1

[Event "TCh-SRB Premier Women"]
[Site "Valjevo SRB"]
[Date "2011.09.01"]
[Round "6.4"]
[White "Zarkovic,M"]
[Black "Videnova,I"]
[Result "0-1"]
[WhiteElo "2015"]
[BlackElo "2353"]

1.e4 c5 2.Nf3 Nc6 3.d4 cxd4 4.Nxd4 Qb6 5.Nb3 Nf6 6.Nc3 e6 7.Be3 Qc7 8.Be2 a6
9.O-O b5 10.Bf3 Ne5 11.Re1 Bb7 12.Bd4 Nxf3+ 13.Qxf3 Be7 14.Qe3 b4 15.e5 bxc3
16.exf6 Bxf6 17.bxc3 Bxd4 18.Qxd4 O-O 19.Re3 Rac8 20.Rg3 f6 21.Re1 Bd5 22.Qh4 Qc4
23.Qh5 Be4 24.Qh6 Bg6 25.Qd2 Rc7 26.h3 Ra8 27.Rd1 a5 28.Qd6 a4 29.Nc1 Rb8
30.Rd4 Qc6 31.Qa3 Bxc2 32.Kh2 d5 33.Ne2 e5 34.Rb4 Rxb4 35.Qxb4 Rb7 36.Qa3 Qb6
37.Ng1 Rd7 38.Qb4 Qxb4 39.cxb4 d4 40.Nf3 d3 41.Nd2 a3 42.Re3 Rd4 43.Re4 Rxe4
44.Nxe4 Bb1 45.Nc3 Bxa2  0-1

[Event "10th Izmir Open"]
[Site "Izmir TUR"]
[Date "2011.09.02"]
[Round "2"]
[White "Sahin,Oz"]
[Black "Quparadze,G"]
[Result "1-0"]
[WhiteElo "1790"]
[BlackElo "2462"]

1.e4 c5 2.Nf3 Nc6 3.d4 cxd4 4.Nxd4 Qc7 5.Nc3 e6 6.Be3 a6 7.g3 Nf6 8.Bg2 Ne5
9.Bf4 d6 10.Bxe5 dxe5 11.Nde2 b5 12.a3 Bb7 13.O-O Bc5 14.b4 Rd8 15.Qe1 Bd4
16.Rd1 O-O 17.Rd3 Ba7 18.Kh1 h6 19.f3 Ne8 20.Rxd8 Qxd8 21.a4 Nd6 22.axb5 axb5
23.Qa1 Bb6 24.Rd1 Qc7 25.Rd3 Bc6 26.Nb1 Nc4 27.Nd2 Ne3 28.Qc1 f5 29.Nc3 Qb7
30.Bh3 Kh8 31.Rd6 Bd4 32.Nb3 fxe4 33.Na5 Qe7 34.Rxc6 exf3 35.Nd1 Nd5 36.Rxe6 Qxb4
37.c3 Be3 38.Nxe3 Qe4 39.Nf1 Nf6 40.Qe3 Qb1 41.Rxe5 Ng4 42.Bxg4 Qxf1+ 43.Qg1 Qd3
44.Re3 Qd5 45.Qf2 Qd1+ 46.Re1 Qb3 47.Qc5 Qa4 48.Nc6 Rd8 49.Qf2 Qa8 50.Bxf3 Rf8
51.Ne5 Qa6 52.Qc2 Rf6 53.Bd5 g5 54.Ng4 Rf8 55.c4 Qa5 56.Qc1 Kh7 57.Re7+ Kg6  1-0

[Event "10th Sunny Beach Open"]
[Site "Sunny Beach BUL"]
[Date "2011.09.03"]
[Round "8.3"]
[White "Krivokapic,M"]
[Black "Bratanov,Z"]
[Result "1-0"]
[WhiteElo "2418"]
[BlackElo "2457"]

1.e4 c5 2.Nf3 Nc6 3.d4 cxd4 4.Nxd4 Qc7 5.Nc3 e6 6.Be2 a6 7.O-O Nf6 8.Be3 Bb4
9.Na4 Bd6 10.g3 b5 11.Nb6 Rb8 12.Nxc8 Rxc8 13.a4 Nxd4 14.Bxd4 e5 15.Be3 Bc5
16.Bxc5 Qxc5 17.Bd3 O-O 18.axb5 axb5 19.Ra5 Rb8 20.c3 d5 21.exd5 e4 22.Be2 Rfd8
23.c4 e3 24.f3 Qb4 25.Rxb5 Rxb5 26.cxb5 Qxb2 27.Bc4 Rc8 28.Qe2 Qd4 29.Ba2 Ra8
30.Re1 g6 31.Qc4 Qd2 32.Re2 Rxa2 33.Qxa2 Qd1+ 34.Kg2 Nxd5 35.Qc2 Qd4 36.Qe4 Qd1
37.Rb2 h5 38.b6 e2 39.Qxe2 Qxe2+ 40.Rxe2 Nxb6 41.f4 Nc4 42.Kf3 Kg7 43.Ke4 Nd6+
44.Ke5 Nf5 45.Ra2 Ne3 46.h3 Nf5 47.Ra3 Nh6 48.Ra6 Nf5 49.g4 hxg4 50.hxg4 Ne3
51.g5 Nf5 52.Rf6 Ne7 53.Ra6 Nf5 54.Ra7 Ng3 55.Kd6 Nh5 56.Ra4 Ng3 57.Kd7 Nh5
58.Ke8 Kg8 59.Rb4 f6 60.Ke7 Kg7 61.Rb7 fxg5 62.fxg5 Kg8 63.Ke6 Kf8 64.Rb8+ Kg7
65.Ke7 Ng3 66.Rb7 Ne4 67.Ke6+ Kf8 68.Rb5 Kg7 69.Ra5 Kf8 70.Re5 Nf2 71.Re2 Nd3
72.Kf6 Nf4 73.Re4  1-0

[Event "TCh-SRB Premier Men"]
[Site "Valjevo SRB"]
[Date "2011.09.03"]
[Round "8.4"]
[White "Brenjo,S"]
[Black "Barlov,D"]
[Result "1/2-1/2"]
[WhiteElo "2524"]
[BlackElo "2475"]

1.e4 c5 2.Nf3 Nc6 3.d4 cxd4 4.Nxd4 Qb6 5.Nb3 Nf6 6.Nc3 e6 7.Bd3 Be7 8.Be3 Qc7
9.f4 d6 10.Qf3 a6 11.g4 b5 12.g5 Nd7 13.O-O-O Bb7 14.Kb1 Nc5 15.Rhf1 Nb4
16.f5 Nbxd3 17.cxd3 exf5 18.Qxf5 O-O 19.Nd5 Bxd5 20.Qxd5 Nxb3 21.axb3 Rac8
22.Rc1 Qd7 23.Qf5 Qe6  1/2-1/2

[Event "VII Ugra Governor's Cup"]
[Site "Khanty-Mansiysk RUS"]
[Date "2011.09.04"]
[Round "5"]
[White "Fedorov,Alex"]
[Black "Matlakov,M"]
[Result "0-1"]
[WhiteElo "2598"]
[BlackElo "2632"]

1.e4 c5 2.Nf3 Nc6 3.d4 cxd4 4.Nxd4 Qc7 5.Nb5 Qb8 6.Bd3 a6 7.N5c3 e6 8.Be3 b5
9.f4 d6 10.Qf3 Bb7 11.Nd2 Nf6 12.Qh3 h5 13.O-O-O Qc7 14.Rhe1 Be7 15.Kb1 Nb4
16.Nf3 Rc8 17.Bd4 Nxd3 18.cxd3 g6 19.a3 Qd7 20.g4 e5 21.fxe5 dxe5 22.Bxe5 O-O
23.Qg3 hxg4 24.Qf4 gxf3 25.Bxf6 Bxf6 26.Qxf6 a5 27.a4 bxa4 28.d4 Rxc3 29.bxc3 Bxe4+
30.Ka1 Qd5 31.Qb6 Rc8 32.Re3 a3 33.Rde1 f2 34.Rf1 Qf5 35.Re2 Qf3  0-1

[Event "5th ch-Euro IBCA"]
[Site "Rhodes GRE"]
[Date "2011.09.07"]
[Round "2.9"]
[White "Pirosca,A"]
[Black "Zsiltzova Lisenko,L"]
[Result "1-0"]
[WhiteElo "2063"]
[BlackElo "2236"]

1.e4 c5 2.Nf3 Nc6 3.d4 cxd4 4.Nxd4 Qb6 5.Nb3 Nf6 6.Nc3 e6 7.Be3 Qc7 8.Bd3 Be7
9.O-O O-O 10.f4 d6 11.Qf3 a6 12.Rae1 e5 13.f5 Nb4 14.g4 d5 15.exd5 h6 16.Ne4 a5
17.a4 Bd7 18.Rd1 Rfe8 19.Rd2 Ra6 20.Rfd1 Bd6  1-0

[Event "TCh-POL 1st League"]
[Site "Mrzezyno POL"]
[Date "2011.09.10"]
[Round "8"]
[White "Grabarczyk,B"]
[Black "Vovk,Y"]
[Result "0-1"]
[WhiteElo "2409"]
[BlackElo "2577"]

1.e4 c5 2.Nf3 Nc6 3.d4 cxd4 4.Nxd4 Qb6 5.Nb3 Nf6 6.Nc3 e6 7.Bd3 Be7 8.Be3 Qc7
9.f4 d6 10.Qf3 b6 11.O-O-O O-O 12.g4 Nb4 13.g5 Nxd3+ 14.Rxd3 Nd7 15.Bd4 Ba6
16.Re3 Rfc8 17.Qf2 b5 18.a3 b4 19.axb4 Rab8 20.Rh3 Rxb4 21.Qh4 Nf8 22.Bxg7 Kxg7
23.Qh6+ Kh8 24.f5 d5 25.Rf3 Ng6 26.fxg6 fxg6 27.Kb1 Kg8 28.exd5 exd5 29.Rd1 Bc4
30.Rd2 Bf8 31.Qh3 Re8 32.Re3 Rxe3 33.Qxe3 Bxb3 34.cxb3 Rxb3 35.Rxd5 Rb8 36.Qe6+ Kh8
37.Nb5 Qf4 38.Qf6+ Qxf6 39.gxf6 Rb6 40.Nxa7 Rxf6 41.Kc2 Rf4 42.Rd3 h5 43.h3 Kh7
44.Nc6 Bg7 45.b3 g5 46.Kd1 Re4 47.b4 Kg6 48.b5 Re6 49.Rd2 Bc3 50.Re2 Rd6+
51.Kc2 Bf6 52.Rd2 Re6 53.Kd3 g4 54.hxg4 hxg4 55.Re2 Rd6+ 56.Kc4 Kg5 57.Kc5 Rd1
58.b6 Rb1 59.Ne5 g3 60.Nf3+ Kg4 61.Ne1 Bd8 62.Re4+ Kf5 63.Re2 Bxb6+ 64.Kc4 Rc1+
65.Kd3 Bf2 66.Ng2 Rd1+ 67.Rd2 Rg1 68.Nh4+ Kg4 69.Ng6 Re1 70.Re2 g2  0-1

[Event "ch-Euro Youth b14"]
[Site "Albena BUL"]
[Date "2011.09.11"]
[Round "1.19"]
[White "Navarrete Espi,S"]
[Black "Nikolov,Ru"]
[Result "0-1"]
[WhiteElo "2165"]
[BlackElo "1865"]

1.e4 c5 2.Nf3 Nc6 3.d4 cxd4 4.Nxd4 Qb6 5.Nxc6 bxc6 6.Nc3 e5 7.Bc4 Nf6 8.O-O Be7
9.Be3 Qxb2 10.Qd3 Qb7 11.f4 d6 12.fxe5 dxe5 13.Bg5 Qd7 14.Qe3 h6 15.Bxf6 Bxf6
16.Qc5 Qd4+ 17.Qxd4 exd4 18.e5 Bxe5 19.Rxf7 Ba6 20.Bb3 Rf8 21.Rxf8+ Kxf8
22.Ne4 Re8 23.Nc5 Bc8 24.Ba4 Bd6 25.Rf1+ Ke7 26.Re1+ Kd8 27.Rxe8+ Kxe8 28.Bxc6+ Ke7
29.Nd3 Be6 30.a4 Bc7 31.h3 Kd6 32.Bb5 Bc8 33.Kf2 a6 34.Be8 Kd5 35.Bf7+ Kc6
36.Be8+ Kb6 37.Ke2 Bb7 38.Kf2 Bd5 39.Bd7 Bd6 40.Be8 Kc7 41.Ne1 Kd8 42.Bg6 Bc6
43.a5 Bb4 44.Nf3 Bxa5 45.Nxd4 Bb6 46.c3 Ke7 47.g3 Kf6 48.Bd3 Bb5 49.Bb1 Ke5
50.Ke3 a5 51.h4 a4 52.Ba2 a3 53.g4 g5 54.hxg5 hxg5 55.Bf7 Ba6 56.Bb3 Bb5  0-1

[Event "ch-Euro Youth b14"]
[Site "Albena BUL"]
[Date "2011.09.11"]
[Round "1.11"]
[White "Dastan,B"]
[Black "Ghvamberia,N"]
[Result "1-0"]
[WhiteElo "2247"]
[BlackElo "1903"]

1.e4 c5 2.Nf3 Nc6 3.d4 cxd4 4.Nxd4 Qb6 5.Nb3 Nf6 6.Nc3 e6 7.Be3 Qc7 8.f3 Bb4
9.Bg5 h6 10.Bxf6 gxf6 11.Qd2 a6 12.a3 Be7 13.Ne2 b5 14.Nf4 Bb7 15.Qe3 Rc8
16.c3 Ne5 17.Nh5 Nc4 18.Bxc4 bxc4 19.Nd4 Qc5 20.g4 Qg5 21.Qf2 d5 22.Rg1 dxe4
23.f4 Qa5 24.Qh4 Rg8 25.Nxf6+ Bxf6 26.Qxf6 Rd8 27.O-O-O Qc7 28.Qxh6 Rg6 29.Qh8+ Ke7
30.Qh4+ Ke8 31.f5 Qf4+ 32.Kb1 Qg5 33.Qg3 Rg8 34.fxe6 fxe6 35.Nxe6 Rxd1+ 36.Rxd1 Qxg4
37.Qb8+ Ke7 38.Qxb7+ Kxe6 39.Qd7+ Ke5 40.Qd6+ Kf5 41.Rd5+  1-0

[Event "8th LGA Premium Cup"]
[Site "Nuernberg GER"]
[Date "2011.09.11"]
[Round "7.15"]
[White "Danin,A"]
[Black "Klundt,K"]
[Result "1-0"]
[WhiteElo "2545"]
[BlackElo "2385"]

1.e4 c5 2.Nf3 Nc6 3.d4 cxd4 4.Nxd4 Qb6 5.Nb3 Nf6 6.Nc3 e6 7.Qe2 Bb4 8.Bd2 O-O
9.a3 Be7 10.g3 d5 11.e5 Nd7 12.f4 Qc7 13.Nb5 Qb8 14.N5d4 Nc5 15.Be3 Nxb3
16.Nxb3 f6 17.exf6 Bxf6 18.O-O-O e5 19.Bg2 d4 20.Bd2 Qc7 21.Bxc6 bxc6 22.fxe5 Qxe5
23.Qxe5 Bxe5 24.Rhe1 Bf6 25.Bb4 Bg4 26.Bxf8 Bxd1 27.Be7 Re8 28.Kxd1  1-0

[Event "ch-Euro Youth b14"]
[Site "Albena BUL"]
[Date "2011.09.13"]
[Round "3.20"]
[White "Navarrete Espi,S"]
[Black "Ghvamberia,N"]
[Result "0-1"]
[WhiteElo "2165"]
[BlackElo "1903"]

1.e4 c5 2.Nf3 Nc6 3.d4 cxd4 4.Nxd4 Qb6 5.Nxc6 bxc6 6.Nc3 d6 7.Bd3 Nf6 8.O-O g6
9.Kh1 Bg7 10.f4 O-O 11.Qe1 Bd7 12.e5 dxe5 13.f5  0-1

[Event "ch-Euro Youth b14"]
[Site "Albena BUL"]
[Date "2011.09.13"]
[Round "3.10"]
[White "Alekseenko,K"]
[Black "Nikolov,Ru"]
[Result "1-0"]
[WhiteElo "2303"]
[BlackElo "1865"]

1.e4 c5 2.Nf3 Nc6 3.d4 cxd4 4.Nxd4 Qb6 5.Nb3 Nf6 6.Nc3 e6 7.Qe2 Bb4 8.Bd2 O-O
9.a3 Be7 10.O-O-O a6 11.g4 d6 12.Be3 Qc7 13.g5 Nd7 14.h4 b5 15.f4 Nb6 16.f5 Rd8
17.f6 Bf8 18.g6 fxg6 19.f7+ Kh8 20.h5 g5 21.Qf2 Rb8 22.h6 Rd7 23.hxg7+ Kxg7
24.Qh2 Kxf7 25.Qxh7+ Ke8 26.Qg6+ Rf7 27.Bxb5 axb5 28.Nxb5 Qd7 29.Nc5 dxc5
30.Rxd7 Bxd7 31.Bxg5 Rb7 32.Rh8 Nc4 33.Bh6 Ke7 34.Bxf8+ Rxf8 35.Qg7+ Rf7
36.Qg5+ Rf6 37.Qxc5+ Kf7 38.Qf8+ Kg6 39.Qg8+  1-0

[Event "5th ch-Euro IBCA"]
[Site "Rhodes GRE"]
[Date "2011.09.13"]
[Round "7.2"]
[White "Stachanczyk,J"]
[Black "Wassin,S"]
[Result "0-1"]
[WhiteElo "2286"]
[BlackElo "2304"]

1.e4 c5 2.Nf3 Nc6 3.d4 cxd4 4.Nxd4 Qb6 5.Nb3 Nf6 6.Nc3 e6 7.Qe2 Qc7 8.g4 d6
9.g5 Nd7 10.Be3 a6 11.f4 b5 12.Bg2 Bb7 13.Qf2 Be7 14.O-O-O Rc8 15.e5 dxe5
16.f5 Nd8 17.f6 gxf6 18.gxf6 Nxf6 19.Bxb7 Qxb7 20.Bg5 Rxc3 21.Bxf6 Rf3 22.Qxf3 Qxf3
23.Bxh8 Bf6 24.Rhg1 Ke7 25.Bxf6+ Qxf6 26.Nc5 Qf4+ 27.Kb1 Nc6 28.Rgf1 Qc4
29.Nd3 e4 30.b3 Qc3 31.Nf4 Nd4 32.Rf2 e3 33.Rg2 Nf3  0-1

[Event "2nd Zlatni Rat Open"]
[Site "Bol CRO"]
[Date "2011.09.14"]
[Round "6.6"]
[White "Ivic,Mat"]
[Black "Kurajica,B"]
[Result "0-1"]
[WhiteElo "2290"]
[BlackElo "2524"]

1.e4 c5 2.Nf3 Nc6 3.d4 cxd4 4.Nxd4 Qb6 5.Nb3 Nf6 6.Nc3 e6 7.Be3 Qc7 8.a3 a6
9.f4 d6 10.Qf3 b5 11.Bd3 Rb8 12.O-O b4 13.axb4 Nxb4 14.e5 Nd7 15.Bd4 Nxd3
16.Qxd3 dxe5 17.fxe5 Be7 18.Ne4 Bb7 19.Nbd2 Rc8 20.Qg3 O-O 21.c3 f6 22.exf6 Qxg3
23.f7+ Rxf7 24.Nxg3 Rxf1+ 25.Rxf1 e5 26.Be3 Nf6 27.Nf5 Kf7 28.Nxe7 Kxe7 29.Ra1 Nd5
30.Bg5+ Ke6 31.Nb3 Rc7 32.Ra5 Kd6 33.Bd8 Rc8 34.Bh4 Nf4 35.Bg3 g5 36.Kf2 h5
37.h4 gxh4 38.Bxf4 Rf8 39.Nc5 Rxf4+ 40.Kg1 Bc6 41.Nd3 Rg4 42.Rxa6 Rxg2+ 43.Kf1 h3
44.Nb4 Rxb2 45.Rxc6+ Kd7 46.Kg1 Rxb4 47.Rh6 Rh4 48.Kh2 e4 49.Ra6 e3 50.Ra1 Rc4
51.Kxh3 Rxc3 52.Kg3 Kd6 53.Rh1 Kd5 54.Rxh5+ Ke4 55.Rh8 Rc7 56.Kg2 Kd3 57.Kf1 e2+  0-1